Najpopularniejsze polskie kanały na YT 2025. - Statystyki

Ogólne statystyki
  • Ten quiz został rozwiązany 144 razy
  • Średni wynik to 10 z 45
Statystyki odpowiedzi
Ilość subów: Nazwa na YT: % Poprawnych
5,26 mln Karol Friz Wiśniewski
94%
5,36 mln Blowek
91%
5,16 mln reZigiusz
83%
2,70 mln Wersow
46%
4,18 mln Stuu
45%
3,69 mln Naruciak
43%
2,27 mln EKIPA
37%
2,16 mln Wojan
35%
2,16 mln Gimper
31%
1,87 mln Palion
29%
2,63 mln Kaluch
26%
2,82 mln IsAmU
22%
3,53 mln SA Wardega
22%
1,75 mln BOXDEL
21%
1,91 mln Tromba
21%
2,55 mln Vito Minecraft
21%
1,83 mln KSIĄŻULO
19%
1,79 mln Mandzio
19%
1,73 mln Yoshi
18%
2,30 mln Karolek
17%
3,38 mln AbstrachujeTV
15%
2,78 mln Planeta Faktów
15%
2,18 mln Young Multi & YFL
15%
1,95 mln Jacob
14%
1,78 mln WAKSY
14%
3,97 mln Step Records
13%
2,31 mln Admiros
12%
3,42 mln SBM
12%
2,09 mln Dizowskyy
11%
2,26 mln 5 sposobów na...
10%
2,32 mln GPlay: Minecraft JestNasz!
10%
1,93 mln SmileSlow
10%
2,42 mln Sitr0x
9%
1,96 mln DeeJayPallaside
8%
2,17 mln Izak LIVE
8%
2,06 mln JASNA STRONA
8%
2,38 mln Wojan Games
8%
2,51 mln tvnpl
7%
1,81 mln BRACIA MALCZYŃSCY
6%
1,78 mln Historia bez cenzury
5%
2,12 mln KaliGanjaMafia
4%
2,53 mln SPInkafilmstudio
4%
1,74 mln Kamil SFINKS Szpejenkowski
3%
2,06 mln Baby's Adventure
2%
1,91 mln BORCREW OFFICIAL
2%
Nie znaleziono quizów pasujących do podanych kryteriów
Rozkład punktacji
Procent ludzi z każdym wynikiem
Percentyl według liczby udzielonych odpowiedzi
Twoja historia wyników
Nie rozwiązałeś tego quizu